[Event "Perth Congress"]
[Site "Perth"]
[Date "2017.02.19"]
[Round "4"]
[White "Chapman, Nigel"]
[Black "Donohue, Tom"]
[Result "1/2-1/2"]
[WhiteElo "1742"]
[BlackElo "1973"]
[PlyCount "49"]
[EventDate "2017.02.17"]
[EventType "swiss"]
[EventRounds "5"]
[EventCountry "SCO"]
[SourceTitle "CBM 176 Extra"]
[Source "ChessBase"]
[SourceDate "2017.03.02"]
[SourceVersion "1"]
[SourceVersionDate "2017.03.02"]
[SourceQuality "1"]

1. e4 c5 2. a3 g6 3. b4 Bg7 4. Nc3 d6 5. g3 Nf6 6. Bg2 0-0 7. Nge2 Nc6 8. Rb1 Nd4 9. Nxd4 cxd4 10. Ne2 e5 11. d3 Be6 12. c4 Qd7 13. b5 Nh5 14. 0-0 Rac8 15. Bd2 b6 16. Qb3 f5 17. f3 Kh8 18. Kh1 Rf7 19. Ng1 Rcf8 20. Rbc1 fxe4 21. fxe4 Rxf1 22. Rxf1 Rxf1 23. Bxf1 Bg4 24. Kg2 Nf6 25. h3 1/2-1/2

[Event "Plzen op 8th"]
[Site "Plzen"]
[Date "2016.10.10"]
[Round "2"]
[White "Kympergr, Vojtech"]
[Black "Chapman, Nigel"]
[Result "0-1"]
[WhiteElo "1509"]
[BlackElo "1735"]
[PlyCount "48"]
[EventDate "2016.10.09"]
[EventType "swiss"]
[EventRounds "7"]
[EventCountry "CZE"]
[SourceTitle "EXT 2017"]
[Source "ChessBase"]
[SourceDate "2016.10.25"]
[SourceVersion "1"]
[SourceVersionDate "2016.10.25"]
[SourceQuality "1"]

1. e4 d5 2. exd5 Qxd5 3. Nc3 Qa5 4. g3 Nf6 5. Bg2 c6 6. Nf3 Bg4 7. 0-0 e6 8. h3 Bh5 9. g4 Bg6 10. d3 Qc7 11. Re1 Nbd7 12. Qe2 Bc5 13. Bg5 0-0 14. Rad1 Rfe8 15. Bh4 a5 16. Bg3 Qxg3 17. Ne4 Bxe4 18. dxe4 Qc7 19. e5 Nd5 20. Qd2 Nf8 21. h4 Rad8 22. Qg5 Be7 23. Qh5 Nf4 24. Rxd8 Rxd8 0-1

[Event "Edinburgh Premier"]
[Site "Edinburgh"]
[Date "2016.04.09"]
[Round "3.23"]
[White "Robinson, Stephen"]
[Black "Chapman, Nigel"]
[Result "1-0"]
[WhiteElo "1823"]
[BlackElo "1754"]
[PlyCount "55"]
[EventDate "2016.04.08"]
[EventType "swiss"]
[EventRounds "5"]
[EventCountry "SCO"]
[SourceTitle "EXT 2023"]
[Source "ChessBase"]
[SourceDate "2022.10.05"]
[SourceVersion "1"]
[SourceVersionDate "2022.10.05"]
[SourceQuality "1"]

1. d4 Nf6 2. Bg5 e6 3. Nf3 c5 4. e3 b6 5. Bd3 Bb7 6. Nbd2 Be7 7. Qe2 0-0 8. c3 d6 9. h4 Nbd7 10. 0-0-0 a6 11. Rdg1 cxd4 12. exd4 b5 13. Kb1 Nd5 14. Bxe7 Qxe7 15. Ng5 h6 16. g3 N7f6 17. Rh3 Rac8 18. Ka1 b4 19. c4 Nb6 20. f4 a5 21. d5 Nbxd5 22. cxd5 Bxd5 23. Ngf3 a4 24. g4 Nd7 25. g5 h5 26. g6 f5 27. Nd4 Qf6 28. Qxh5 1-0

[Event "Perth op"]
[Site "Perth"]
[Date "2016.02.21"]
[Round "4.11"]
[White "Chapman, Nigel"]
[Black "Koehn, Lennart"]
[Result "0-1"]
[WhiteElo "1780"]
[BlackElo "1905"]
[PlyCount "68"]
[EventDate "2016.02.19"]
[EventType "swiss"]
[EventRounds "5"]
[EventCountry "SCO"]
[SourceTitle "EXT 2023"]
[Source "ChessBase"]
[SourceDate "2022.10.05"]
[SourceVersion "1"]
[SourceVersionDate "2022.10.05"]
[SourceQuality "1"]

1. e4 c5 2. a3 e6 3. b4 cxb4 4. axb4 Bxb4 5. Bb2 Bf8 6. Ra3 Nc6 7. Rg3 Nf6 8. e5 Ne4 9. Re3 d5 10. exd6 Nxd6 11. Bd3 Qb6 12. Ba3 Be7 13. Nf3 Nb4 14. 0-0 Nxd3 15. Rxd3 0-0 16. Ne5 Nf5 17. Re1 Rd8 18. Rh3 h6 19. Qh5 Rf8 20. g4 Bxa3 21. gxf5 Bc5 22. Ng4 exf5 23. Nxh6+ Qxh6 24. Qf3 Qg6+ 25. Rg3 Qf6 26. Nc3 Be6 27. Kh1 g6 28. Reg1 Kg7 29. Qxb7 Qe7 30. Qf3 Rad8 31. Qh5 Qf6 32. Qf3 Bd4 33. Qb7 Rd7 34. Qb5 Bxf2 0-1

[Event "Orlova op-A 12th"]
[Site "Orlova"]
[Date "2015.05.31"]
[Round "9"]
[White "Sramek, Vojtech"]
[Black "Chapman, Nigel"]
[Result "1-0"]
[WhiteElo "1611"]
[BlackElo "1806"]
[PlyCount "131"]
[EventDate "2015.05.24"]
[EventType "swiss"]
[EventRounds "9"]
[EventCountry "CZE"]
[SourceTitle "CBM 166 Extra"]
[Source "ChessBase"]
[SourceDate "2015.06.18"]
[SourceVersion "1"]
[SourceVersionDate "2015.06.18"]
[SourceQuality "1"]

1. e4 d5 2. exd5 Qxd5 3. Nc3 Qa5 4. Bc4 Nf6 5. d3 Bg4 6. f3 Bd7 7. Bd2 Qb6 8. Qe2 Nc6 9. Na4 Qd4 10. Be3 Qe5 11. f4 Qa5+ 12. Nc3 Bg4 13. Qf2 e6 14. h3 Qh5 15. g3 Bd6 16. Qg2 Bf5 17. g4 Bxg4 18. hxg4 Qxg4 19. Qxg4 Nxg4 20. Kd2 Nxe3 21. Kxe3 Bc5+ 22. Kd2 Nd4 23. Nb5 0-0-0 24. Nxd4 Rxd4 25. Nh3 h6 26. c3 Rdd8 27. d4 Be7 28. Kc2 g6 29. Rae1 Bf6 30. Nf2 c6 31. Ng4 Bg7 32. Ne5 Bxe5 33. fxe5 Kd7 34. Rh3 Ke7 35. Rf1 Rh7 36. a4 a5 37. Rh4 h5 38. Rb1 g5 39. Rh2 h4 40. Be2 f5 41. exf6+ Kxf6 42. Bg4 b5 43. axb5 cxb5 44. Re1 Rd6 45. Rhe2 Re7 46. Re5 b4 47. Rxa5 Rb7 48. Ree5 Rc7 49. Rac5 Rxc5 50. Rxc5 bxc3 51. bxc3 Ra6 52. Kd3 Ra1 53. Rc6 Rg1 54. Bxe6 Ke7 55. Bd5 g4 56. Rh6 h3 57. c4 Ra1 58. c5 Rd1+ 59. Ke3 Rc1 60. c6 Kd8 61. Rh8+ Kc7 62. Rh7+ Kd8 63. c7+ Rxc7 64. Rxc7 Kxc7 65. Kf2 Kd6 66. Be4 1-0

[Event "Orlova op-A 12th"]
[Site "Orlova"]
[Date "2015.05.24"]
[Round "1"]
[White "Malinowski, Aleksander"]
[Black "Chapman, Nigel"]
[Result "0-1"]
[WhiteElo "1380"]
[BlackElo "1806"]
[PlyCount "80"]
[EventDate "2015.05.24"]
[EventType "swiss"]
[EventRounds "9"]
[EventCountry "CZE"]
[SourceTitle "CBM 166 Extra"]
[Source "ChessBase"]
[SourceDate "2015.06.18"]
[SourceVersion "1"]
[SourceVersionDate "2015.06.18"]
[SourceQuality "1"]

1. e4 d5 2. exd5 Qxd5 3. Nc3 Qa5 4. Nf3 Nf6 5. d4 c6 6. Bd3 Bg4 7. Bd2 e6 8. Nb5 Qd8 9. Nc3 Bxf3 10. Qxf3 Qxd4 11. Be3 Qg4 12. Be2 Qxf3 13. Bxf3 Nbd7 14. 0-0-0 Be7 15. Bg5 h6 16. Bxf6 Nxf6 17. Rd2 Nd5 18. Nxd5 cxd5 19. Kb1 0-0 20. c4 Bg5 21. Rd4 Bf6 22. Rg4 h5 23. Rg3 dxc4 24. Bxh5 b5 25. Bf3 Rac8 26. Rh3 Rfd8 27. Bb7 Rc7 28. Be4 g6 29. Rc1 Rd2 30. Bc2 Rxf2 31. a3 a5 32. g4 Rd7 33. Rg3 Be5 34. Re3 Bf4 35. Ree1 Bxc1 36. Rxc1 Rdd2 37. h3 b4 38. axb4 axb4 39. Be4 Rxb2+ 40. Ka1 Ra2+ 0-1

[Event "Sunningdale e2e4 U2050 op 05"]
[Site "Sunningdale"]
[Date "2014.05.26"]
[Round "6"]
[White "Chapman, Nigel"]
[Black "Dickson, George A"]
[Result "1/2-1/2"]
[WhiteElo "1824"]
[BlackElo "2040"]
[PlyCount "83"]
[EventDate "2014.05.23"]
[EventType "swiss"]
[EventRounds "7"]
[EventCountry "ENG"]
[SourceTitle "EXT 2015"]
[Source "ChessBase"]
[SourceDate "2014.11.20"]
[SourceVersion "1"]
[SourceVersionDate "2014.11.20"]
[SourceQuality "1"]

1. e4 e5 2. d4 exd4 3. c3 d5 4. exd5 Qxd5 5. cxd4 Nc6 6. Be3 Bf5 7. Nc3 Bb4 8. Nge2 Nge7 9. a3 Bxc3+ 10. Nxc3 Qd7 11. Bc4 0-0 12. Qd2 Rad8 13. Rd1 a6 14. b4 b5 15. Ba2 Qd6 16. 0-0 Qg6 17. f3 Bc2 18. Rc1 Bf5 19. Rfd1 Ne5 20. Kh1 Nd3 21. Ra1 Ne5 22. Qf2 Nc4 23. g4 Bc2 24. Rdc1 Nxa3 25. Bxf7+ Qxf7 26. Rxa3 Qxf3+ 27. Qxf3 Rxf3 28. Rxc2 Rxe3 29. Rxa6 Rxd4 30. Rf2 h6 31. Ra8+ Kh7 32. Nxb5 Rxg4 33. Ra1 c6 34. Nd6 Rxb4 35. Rg1 Re6 36. Rf7 Ng6 37. Nf5 Rf4 38. Rxg7+ Kh8 39. R1xg6 Rxg6 40. Rxg6 Rxf5 41. Rxh6+ Kg7 42. Rxc6 1/2-1/2

[Event "Sunningdale e2e4 U2050 op 05"]
[Site "Sunningdale"]
[Date "2014.05.24"]
[Round "3"]
[White "Lawson, Maurice Elliot"]
[Black "Chapman, Nigel"]
[Result "1-0"]
[WhiteElo "1912"]
[BlackElo "1824"]
[PlyCount "61"]
[EventDate "2014.05.23"]
[EventType "swiss"]
[EventRounds "7"]
[EventCountry "ENG"]
[SourceTitle "EXT 2015"]
[Source "ChessBase"]
[SourceDate "2014.11.20"]
[SourceVersion "1"]
[SourceVersionDate "2014.11.20"]
[SourceQuality "1"]

1. e4 d5 2. exd5 Qxd5 3. Nc3 Qa5 4. d4 Nf6 5. Bd2 Bg4 6. f3 Bf5 7. Bc4 Qb6 8. Nge2 Nbd7 9. Bb3 c6 10. Bf4 Bg6 11. Qd2 0-0-0 12. 0-0-0 e6 13. Bg3 Be7 14. Nf4 Nf8 15. Nxg6 Nxg6 16. Bf2 Qa5 17. Ne2 Bb4 18. c3 Bd6 19. Bg3 h6 20. Bxd6 Rxd6 21. Ng3 Rd7 22. Ne4 Nxe4 23. fxe4 Qg5 24. Rhf1 Nf8 25. Rf3 f6 26. Rg3 Qxd2+ 27. Rxd2 Kc7 28. d5 exd5 29. exd5 c5 30. Ba4 Rf7 31. Be8 1-0

[Event "Sunningdale e2e4 U2050 op 05"]
[Site "Sunningdale"]
[Date "2014.05.23"]
[Round "1"]
[White "Ashcroft, Graham J"]
[Black "Chapman, Nigel"]
[Result "0-1"]
[WhiteElo "1952"]
[BlackElo "1824"]
[PlyCount "78"]
[EventDate "2014.05.23"]
[EventType "swiss"]
[EventRounds "7"]
[EventCountry "ENG"]
[SourceTitle "EXT 2015"]
[Source "ChessBase"]
[SourceDate "2014.11.20"]
[SourceVersion "1"]
[SourceVersionDate "2014.11.20"]
[SourceQuality "1"]

1. c4 e6 2. b3 d5 3. Bb2 Nf6 4. g3 Be7 5. Bg2 0-0 6. Nf3 b6 7. 0-0 Bb7 8. e3 dxc4 9. bxc4 c5 10. Nc3 Nbd7 11. Qe2 Rc8 12. Rfd1 Qc7 13. Rac1 Qb8 14. d3 Rfd8 15. e4 Nf8 16. Rd2 Ng6 17. h3 Nd7 18. Nh2 Nde5 19. f4 Nc6 20. Ng4 h5 21. Ne3 h4 22. f5 exf5 23. Nxf5 Bg5 24. gxh4 Bxd2 25. Qxd2 Qf4 26. Qe2 Nd4 27. Nxd4 cxd4 28. Nb5 Qe3+ 29. Kf1 Qxe2+ 30. Kxe2 Nf4+ 31. Kf1 a6 32. Na3 Nxd3 33. Rc2 Nf4 34. Rd2 Nxg2 35. Kxg2 Bxe4+ 36. Kf2 d3 37. Ke3 Re8 38. Kf4 Bg6 39. Bd4 Re4+ 0-1

[Event "Edinburgh CC op"]
[Site "Edinburgh"]
[Date "2011.06.12"]
[Round "7"]
[White "Campbell, Eoin S"]
[Black "Chapman, Nigel"]
[Result "1-0"]
[WhiteElo "1896"]
[BlackElo "1675"]
[PlyCount "23"]
[EventDate "2011.06.04"]
[EventType "swiss"]
[EventRounds "8"]
[EventCountry "SCO"]
[SourceTitle "EXT 2013"]
[Source "ChessBase"]
[SourceDate "2012.11.22"]
[SourceVersion "1"]
[SourceVersionDate "2012.11.22"]
[SourceQuality "1"]

1. Nf3 Nf6 2. c4 e6 3. g3 b6 4. Bg2 Bb7 5. 0-0 Be7 6. Nc3 c5 7. Re1 0-0 8. e4 d6 9. d4 cxd4 10. Nxd4 Nbd7 11. e5 Bxg2 12. exf6 1-0

[Event "Edinburgh CC op"]
[Site "Edinburgh"]
[Date "2011.06.12"]
[Round "8"]
[White "Chapman, Nigel"]
[Black "McHarg, Andrew"]
[Result "1/2-1/2"]
[WhiteElo "1675"]
[BlackElo "1703"]
[PlyCount "64"]
[EventDate "2011.06.04"]
[EventType "swiss"]
[EventRounds "8"]
[EventCountry "SCO"]
[SourceTitle "EXT 2013"]
[Source "ChessBase"]
[SourceDate "2012.11.22"]
[SourceVersion "1"]
[SourceVersionDate "2012.11.22"]
[SourceQuality "1"]

1. e4 e5 2. d4 exd4 3. c3 d5 4. exd5 Qxd5 5. cxd4 Bb4+ 6. Nc3 Nc6 7. Be3 Nf6 8. Nge2 0-0 9. a3 Bxc3+ 10. Nxc3 Qd8 11. Bc4 Bg4 12. Qd2 Na5 13. Ba2 Qd7 14. b4 Nc6 15. f3 Bf5 16. 0-0 Ne7 17. Rac1 c6 18. Bc4 b5 19. Bd3 Bxd3 20. Qxd3 Ned5 21. Ne4 Nxe4 22. fxe4 Nxe3 23. Qxe3 a5 24. Rfd1 axb4 25. axb4 Ra2 26. d5 Qg4 27. Qf3 Qxf3 28. gxf3 cxd5 29. Rxd5 h6 30. Rc7 Rb2 31. Rxb5 Ra8 32. Ra5 Rd8 1/2-1/2